| 000 | 02370nam0a2200373 4500 | ||
|---|---|---|---|
| 001 | RU\NLR\BIBL_A\011355093 | ||
| 005 | 20260407095144.0 | ||
| 021 |
_aRU _b2017-13633 _91002 |
||
| 035 | _a(RuMoRGB)008807849 | ||
| 035 | _a(NLR Aleph) 011355093 | ||
| 090 |
_a11267332 _c11267332 |
||
| 100 | _a20170329d2016 k y0rusy50 ca | ||
| 101 | 0 |
_arus _aeng _deng _erus _eeng |
|
| 102 | _aRU | ||
| 105 | _ay z 000zy | ||
| 200 | 1 |
_aВеликая война 1914-1918 гг. и Кавказ _eThe Great War of 1914-1918 and the Caucasus _eсборник статей, посвященный 85-летию Дагестанского государственного университета _fДагестанский государственный университет, Университет "Ла Сапиенца" (Италия) _g[редакционная коллегия: ... Н. Н. Гарунова (отв. ред.), профессор Э.Г. Зульпукарова] _zeng |
|
| 210 |
_aМахачкала _cИзд-во ДГУ _d2016 |
||
| 215 |
_a374 с. _d21 |
||
| 300 | _aЧасть текста и рез. на англ. яз. | ||
| 320 | _aБиблиогр. в конце ст. | ||
| 510 | 1 |
_aGreat War of 1914-1918 and the Caucasus _zeng |
|
| 606 |
_aВоенная наука. Военное дело -- История войн, военной науки и военного искусства -- Россия -- Период капитализма (1861-1917) -- Участие России в первой мировой войне (1914-1917) -- Кавказ -- Материалы конференции _2rubbk |
||
| 606 | 1 |
_aПервая мировая война _jСборники _yКавказ _z1914 - 1918 _92322703 _3RU\NLR\AUTH\6601614182 |
|
| 686 |
_aЦ35(2)523(24)я431 _2rubbk |
||
| 686 | 1 | _aЦ35(2)523я43 | |
| 702 | 1 |
_aГарунова _bН.Н. _f1966- _gНина Нурмагомедовна _4340 |
|
| 712 | 0 | 2 |
_4570 _aДагестанский государственный университет _cМахачкала _9339977 _3RU\NLR\AUTH\889921960 |
| 712 | 0 | 2 |
_4570 _a"La sapienza", римский университет _9573516 _3RU\NLR\AUTH\8810037394 |
| 942 | _cBOOK | ||
| 980 | _aNBR | ||